2016 US Election Swing States - Statistics

General Stats
  • This quiz has been taken 424 times
  • The average score is 11 of 12
Answer Stats
Lead Electoral Votes State % Correct
1.1% 20 Pennsylvania
97%
1.3% 29 Florida
96%
0.2% 16 Michigan
94%
4.1% 11 Arizona
93%
0.8% 10 Wisconsin
92%
3.8% 15 North Carolina
90%
4.9% 13 Virginia
90%
2.4% 6 Nevada
87%
1.5% 10 Minnesota
85%
0.4% 4 New Hampshire
85%
2.7% 4* Maine
83%
2.9% 9 Colorado
80%
No matching quizzes found
Score Distribution
Percent of People with Each Score
Percentile by Number Answered
Your Score History
You have not taken this quiz